Normal view MARC view
  • BOONE,DAVID R. AND CASTENHOIZ, RICHARD W

Entry Personal Name

Number of records used in: 1

001 - CONTROL NUMBER

  • control field: 7690

003 - CONTROL NUMBER IDENTIFIER

  • control field: JRU

005 - DATE AND TIME OF LATEST TRANSACTION

  • control field: 20230403145157.0

008 - FIXED-LENGTH DATA ELEMENTS

  • fixed length control field: 230403|| aca||aabn | a|a d

040 ## - CATALOGING SOURCE

  • Original cataloging agency: JRU
  • Transcribing agency: JRU

100 ## - HEADING--PERSONAL NAME

  • Personal name: BOONE,DAVID R. AND CASTENHOIZ, RICHARD W

670 ## - SOURCE DATA FOUND

  • Source citation: Work cat.: (JRU)8257: BOONE,DAVID R. AND CASTENHOIZ, RICHARD W, BERGEY'S MANUAL OF SYSTEMATIC BACTERIOGLOGY VOL-1-ARCHAEA AND THE DEEPLY BRANCHING AND PHOTOTROPHIC BACTERIA